Los efectos de las comunicaciones de masas / (Record no. 28519)
[ view plain ]
| 000 -LEADER | |
|---|---|
| campo de control de longitud fija | 00478nam a22001697a 4500 |
| 001 - NÚMERO DE CONTROL | |
| campo de control | 00028490 |
| 008 - DATOS DE LONGITUD FIJA--INFORMACIÓN GENERAL | |
| campo de control de longitud fija | 260307b ag ||||| |||| 00| 0 spa d |
| 040 ## - FUENTE DE CATALOGACIÓN | |
| Lengua de catalogación | Español; Castellano |
| Centro/agencia transcriptor | AR-CcCEOS |
| 080 ## - NÚMERO DE LA CLASIFICACIÓN DECIMAL UNIVERSAL | |
| Número de la Clasificación Decimal Universal | 850-3 |
| 090 ## - LOCALMENTE ASIGNADO TIPO-LC NÚMERO DE CLASIFICACIÓN (OCLC); NÚMERO DE CLASIFICACIÓN LOCAL (RLIN) | |
| Número cutter local (OCLC) ; Número de libro/Signatura topográfica íntegra, CALL (RLIN) | HAL |
| 100 ## - ENTRADA PRINCIPAL--NOMBRE DE PERSONA | |
| Nombre de persona | J. D. Halloran |
| 9 (RLIN) | 805 |
| 245 ## - MENCIÓN DEL TÍTULO | |
| Título | Los efectos de las comunicaciones de masas / |
| Resto del título | |
| Mención de responsabilidad, etc. | J. D. Halloran ... [et.al.] |
| 260 ## - PUBLICACIÓN, DISTRIBUCIÓN, ETC. | |
| Lugar de publicación, distribución, etc. | Buenos Aires : |
| Nombre del editor, distribuidor, etc. | Jorge Alvarez, |
| Fecha de publicación, distribución, etc. | c1969. |
| 300 ## - DESCRIPCIÓN FÍSICA | |
| Extensión | 142 p. ; |
| Dimensiones | 24x15 cm. |
| 942 ## - ELEMENTOS DE ENTRADA SECUNDARIOS (KOHA) | |
| Fuente de la clasificación o esquema de estantería | Clasificación decimal universal |
| Tipo de ítem Koha | Libros |
| 945 ## - | |
| -- | 66467 |
| -- | Melina Rolando |
| -- | 66467 |
| -- | Melina Rolando |
| Estatus retirado | Estado de pérdida | Fuente de la clasificación o esquema de estantería | Estado de daño | No para préstamo | Colección | Biblioteca de origen | Biblioteca actual | Fecha de adquisición | Número de inventario | Total de préstamos | Signatura topográfica completa | Código de barras | Visto por última vez | Precio de reemplazo | Tipo de ítem Koha |
|---|---|---|---|---|---|---|---|---|---|---|---|---|---|---|---|
| Clasificación decimal universal | SER | Biblioteca Julio Serebrinsky | Biblioteca Julio Serebrinsky | 07/03/2026 | 42863 | 850-3 | 42863 | 07/03/2026 | 07/03/2026 | Libros |